[Event "Rusia tch 2011"]
[Site "Olginka RUS"]
[Date "2011.04.16"]
[Round "5.64"]
[White "Kryakvin, Dmitry"]
[Black "Airapetian, Gor"]
[Result "1/2-1/2"]
[WhiteElo "2573"]
[BlackElo "2460"]
[PlyCount "76"]
[EventDate "2011.04.12"]
[EventType "team"]
[EventRounds "11"]
[EventCountry "RUS"]
[Source "lmi"]
[SourceDate "2011.04.12"]
[WhiteTeam "Rusia"]
[BlackTeam "Rusia"]
[WhiteTeamCountry "RUS"]
[BlackTeamCountry "RUS"]

1. d4 d5 2. c4 c6 3. Nf3 Nf6 4. Qb3 dxc4 5. Qxc4 Bf5 6. g3 e6 7. Bg2 Nbd7 8.
O-O Be7 9. e3 O-O 10. Qe2 Qc7 11. Rd1 e5 12. h3 exd4 13. Nxd4 Be4 14. Nc3 Bxg2
15. Kxg2 Rfe8 16. e4 Bb4 17. Bf4 Qa5 18. Nb3 Qb6 19. f3 Bxc3 20. bxc3 Nd5 21.
Bd2 f5 22. c4 N5f6 23. c5 Qc7 24. Bf4 Ne5 25. exf5 Nh5 26. Bxe5 Rxe5 27. Qc4+
Kh8 28. Rd6 Rxf5 29. Re1 Raf8 30. f4 b6 31. Ree6 bxc5 32. Qe4 h6 33. Qxc6 Rxf4
34. gxf4 Nxf4+ 35. Kh1 Nxe6 36. Rxe6 Qf4 37. Re8 Qf1+ 38. Kh2 Qf2+ 1/2-1/2

[Event "Rusia tch 2011"]
[Site "Olginka RUS"]
[Date "2011.04.17"]
[Round "6.11"]
[White "Jakovenko, Dmitry"]
[Black "Bocharov, Dmitry"]
[Result "1/2-1/2"]
[WhiteElo "2718"]
[BlackElo "2595"]
[PlyCount "49"]
[EventDate "2011.04.12"]
[EventType "team"]
[EventRounds "11"]
[EventCountry "RUS"]
[Source "lmi"]
[SourceDate "2011.04.12"]
[WhiteTeam "Rusia"]
[BlackTeam "Rusia"]
[WhiteTeamCountry "RUS"]
[BlackTeamCountry "RUS"]

1. Nf3 c5 2. c4 Nc6 3. d4 cxd4 4. Nxd4 e6 5. Nc3 Nf6 6. a3 Bc5 7. Nb3 Be7 8. e4
O-O 9. Be2 b6 10. O-O Bb7 11. f4 d6 12. Be3 Rc8 13. Bf3 Qc7 14. Rc1 Qb8 15. Qe2
Rfe8 16. Rfd1 Bf8 17. Kh1 Ne7 18. Nd2 Ba6 19. b4 Ng6 20. g3 Rc7 21. a4 Rec8 22.
Na2 d5 23. e5 Ne4 24. b5 Bb7 25. cxd5 1/2-1/2

[Event "Rusia tch 2011"]
[Site "Olginka RUS"]
[Date "2011.04.17"]
[Round "6.12"]
[White "Maletin, Pavel"]
[Black "Malakhov, Vladimir"]
[Result "1/2-1/2"]
[WhiteElo "2584"]
[BlackElo "2714"]
[PlyCount "37"]
[EventDate "2011.04.12"]
[EventType "team"]
[EventRounds "11"]
[EventCountry "RUS"]
[Source "lmi"]
[SourceDate "2011.04.12"]
[WhiteTeam "Rusia"]
[BlackTeam "Rusia"]
[WhiteTeamCountry "RUS"]
[BlackTeamCountry "RUS"]

1. d4 d5 2. c4 c6 3. Nf3 Nf6 4. Nc3 a6 5. a4 e6 6. g3 dxc4 7. Bg2 c5 8. dxc5
Qxd1+ 9. Nxd1 Bd7 10. Ne5 Nc6 11. Nxc4 Bxc5 12. Be3 Bxe3 13. Ndxe3 Ke7 14. f4
Rhd8 15. Kf2 Be8 16. Rhd1 Rxd1 17. Rxd1 Rd8 18. Rxd8 Nxd8 19. Na5 1/2-1/2

[Event "Rusia tch 2011"]
[Site "Olginka RUS"]
[Date "2011.04.17"]
[Round "6.33"]
[White "Danin, Alexandre"]
[Black "Inarkiev, Ernesto"]
[Result "0-1"]
[WhiteElo "2543"]
[BlackElo "2674"]
[PlyCount "58"]
[EventDate "2011.04.12"]
[EventType "team"]
[EventRounds "11"]
[EventCountry "RUS"]
[Source "lmi"]
[SourceDate "2011.04.12"]
[WhiteTeam "Rusia"]
[BlackTeam "Rusia"]
[WhiteTeamCountry "RUS"]
[BlackTeamCountry "RUS"]

1. e4 c5 2. Nf3 e6 3. d4 cxd4 4. Nxd4 a6 5. Nc3 d6 6. Be2 b5 7. a4 b4 8. Na2
Nf6 9. Nxb4 Nxe4 10. c3 d5 11. Bf3 Bb7 12. Bf4 Bd6 13. Bxd6 Nxd6 14. O-O O-O
15. b3 Nd7 16. c4 dxc4 17. Bxb7 Nxb7 18. bxc4 Qc7 19. Nbc6 Rfe8 20. Qf3 Ndc5
21. Ra3 Rac8 22. Qg4 Nd6 23. Rh3 Nde4 24. Qh5 h6 25. f4 Qd6 26. f5 e5 27. f6
exd4 28. fxg7 Ng5 29. Rg3 Nce4 0-1

[Event "Rusia tch 2011"]
[Site "Olginka RUS"]
[Date "2011.04.17"]
[Round "6.52"]
[White "Sitnikov, Dmitrij"]
[Black "Vitiugov, Nikita"]
[Result "0-1"]
[WhiteElo "2470"]
[BlackElo "2720"]
[PlyCount "72"]
[EventDate "2011.04.12"]
[EventType "team"]
[EventRounds "11"]
[EventCountry "RUS"]
[Source "lmi"]
[SourceDate "2011.04.12"]
[WhiteTeam "Rusia"]
[BlackTeam "Rusia"]
[WhiteTeamCountry "RUS"]
[BlackTeamCountry "RUS"]

1. e4 e5 2. Nf3 Nc6 3. d4 exd4 4. Nxd4 Bb4+ 5. c3 Bc5 6. Be3 Bb6 7. Nd2 Nf6 8.
Nxc6 bxc6 9. Bxb6 axb6 10. Bd3 O-O 11. O-O Re8 12. Re1 d6 13. b4 Bg4 14. Qc2
Nh5 15. a4 Nf4 16. Bf1 Qg5 17. Kh1 h5 18. Re3 h4 19. h3 Bh5 20. Nf3 Qf6 21. Nd4
Bg6 22. Rae1 d5 23. f3 Nh5 24. Bd3 c5 25. e5 Qf4 26. Nc6 d4 27. cxd4 cxd4 28.
Re4 Ng3+ 29. Kg1 Nxe4 30. Bxe4 d3 31. Bxd3 Bxd3 32. Qxd3 Rxa4 33. Qd7 Rea8 34.
e6 Ra1 35. exf7+ Qxf7 36. Ne7+ Kf8 0-1

[Event "Rusia tch 2011"]
[Site "Olginka RUS"]
[Date "2011.04.17"]
[Round "6.53"]
[White "Movsesian, Sergei"]
[Black "Pokazanjev, Nikolai"]
[Result "1-0"]
[WhiteElo "2716"]
[BlackElo "2423"]
[PlyCount "81"]
[EventDate "2011.04.12"]
[EventType "team"]
[EventRounds "11"]
[EventCountry "RUS"]
[Source "lmi"]
[SourceDate "2011.04.12"]
[WhiteTeam "Armenia"]
[BlackTeam "Rusia"]
[WhiteTeamCountry "ARM"]
[BlackTeamCountry "RUS"]

1. e4 e5 2. Nf3 Nc6 3. d4 exd4 4. Nxd4 Bc5 5. Nb3 Bb6 6. Nc3 Nf6 7. Qe2 d6 8.
f3 h6 9. Bd2 O-O 10. O-O-O a5 11. a4 Be6 12. Be3 Bxe3+ 13. Qxe3 Bxb3 14. cxb3
Nb4 15. g4 Qe7 16. h4 Nd7 17. Kb1 Nc5 18. g5 h5 19. Bc4 g6 20. Rhe1 Rae8 21.
Qf2 Kh7 22. Re2 f6 23. f4 fxg5 24. hxg5 c6 25. Qh2 d5 26. exd5 Qd7 27. Red2
Qf5+ 28. Ka1 Qxf4 29. Qg1 Qe3 30. Qg2 Qf3 31. Qxf3 Rxf3 32. d6 b5 33. axb5 cxb5
34. Nxb5 a4 35. bxa4 Nxa4 36. d7 Rd8 37. Re1 Rff8 38. Re7+ Kh8 39. Nd6 Ra8 40.
Nf7+ Rxf7 41. d8=Q+ 1-0

[Event "Rusia tch 2011"]
[Site "Olginka RUS"]
[Date "2011.04.17"]
[Round "6.54"]
[White "Konyshev, Artem"]
[Black "Efimenko, Zahar"]
[Result "0-1"]
[WhiteElo "2379"]
[BlackElo "2708"]
[PlyCount "56"]
[EventDate "2011.04.12"]
[EventType "team"]
[EventRounds "11"]
[EventCountry "RUS"]
[Source "lmi"]
[SourceDate "2011.04.12"]
[WhiteTeam "Rusia"]
[BlackTeam "Ucrania"]
[WhiteTeamCountry "RUS"]
[BlackTeamCountry "UKR"]

1. c4 g6 2. Nc3 Bg7 3. d4 d6 4. Nf3 Bg4 5. e3 Nf6 6. Be2 O-O 7. O-O Na6 8. h3
Bf5 9. Bd3 Bxd3 10. Qxd3 c5 11. d5 Nb4 12. Qd1 e5 13. e4 Nh5 14. a3 Na6 15. Ne1
Qe8 16. Nd3 f5 17. b4 b6 18. bxc5 Nxc5 19. Nxc5 bxc5 20. Rb1 f4 21. Qa4 Qd8 22.
Bd2 f3 23. g3 Rf7 24. Rb3 Bf6 25. Rfb1 Bg5 26. Be1 Qc8 27. Kh2 Nf4 28. g4 Nxh3
0-1

[Event "Rusia tch 2011"]
[Site "Olginka RUS"]
[Date "2011.04.17"]
[Round "6.61"]
[White "Shimanov, Aleksandr"]
[Black "Wang Hao"]
[Result "0-1"]
[WhiteElo "2550"]
[BlackElo "2728"]
[PlyCount "48"]
[EventDate "2011.04.12"]
[EventType "team"]
[EventRounds "11"]
[EventCountry "RUS"]
[Source "lmi"]
[SourceDate "2011.04.12"]
[WhiteTeam "Rusia"]
[BlackTeam "China"]
[WhiteTeamCountry "RUS"]
[BlackTeamCountry "CHN"]

1. d4 Nf6 2. c4 e6 3. Nc3 Bb4 4. e3 O-O 5. Nge2 d5 6. a3 Be7 7. cxd5 exd5 8. b4
c6 9. Ng3 Be6 10. Bd3 Nbd7 11. O-O b5 12. Nce2 Nb6 13. Nf4 Bd6 14. Bc2 Nc4 15.
Rb1 a5 16. Rb3 axb4 17. axb4 Ra1 18. Qd3 Qe7 19. f3 g6 20. Nfe2 Bxb4 21. e4
dxe4 22. fxe4 Ng4 23. Rb1 Rxb1 24. Bxb1 Nce3 0-1

[Event "Rusia tch 2011"]
[Site "Olginka RUS"]
[Date "2011.04.17"]
[Round "6.63"]
[White "Popov, Valerij"]
[Black "Giri, Anish"]
[Result "0-1"]
[WhiteElo "2565"]
[BlackElo "2690"]
[PlyCount "64"]
[EventDate "2011.04.12"]
[EventType "team"]
[EventRounds "11"]
[EventCountry "RUS"]
[Source "lmi"]
[SourceDate "2011.04.12"]
[WhiteTeam "Rusia"]
[BlackTeam "Holanda"]
[WhiteTeamCountry "RUS"]
[BlackTeamCountry "NED"]

1. Nf3 Nf6 2. d4 g6 3. c4 Bg7 4. Nc3 O-O 5. e4 d6 6. Be2 e5 7. Be3 exd4 8. Nxd4
Re8 9. f3 c6 10. Qd2 d5 11. exd5 cxd5 12. O-O Nc6 13. c5 Qa5 14. Bf2 Nxd4 15.
Bxd4 Qb4 16. Rfd1 Bd7 17. a3 Qb3 18. Bd3 Rad8 19. Bc2 Qc4 20. b3 Qa6 21. b4 b6
22. cxb6 axb6 23. Bb3 Bf5 24. a4 Qb7 25. b5 h5 26. Qb2 Re6 27. Re1 Ne8 28. Ne2
Qe7 29. Rad1 Bxd4+ 30. Rxd4 Nf6 31. Qd2 Re8 32. Kf2 Qc5 0-1

[Event "Rusia tch 2011"]
[Site "Olginka RUS"]
[Date "2011.04.17"]
[Round "6.66"]
[White "Najer, Evgeniy"]
[Black "Levin, Evgeny A"]
[Result "1-0"]
[WhiteElo "2638"]
[BlackElo "2472"]
[PlyCount "57"]
[EventDate "2011.04.12"]
[EventType "team"]
[EventRounds "11"]
[EventCountry "RUS"]
[Source "lmi"]
[SourceDate "2011.04.12"]
[WhiteTeam "Rusia"]
[BlackTeam "Rusia"]
[WhiteTeamCountry "RUS"]
[BlackTeamCountry "RUS"]

1. e4 e6 2. d4 d5 3. Nd2 Nf6 4. e5 Nfd7 5. f4 c5 6. c3 Nc6 7. Ndf3 Qb6 8. g3
Be7 9. Ne2 cxd4 10. cxd4 O-O 11. Bh3 f6 12. Nc3 Kh8 13. O-O fxe5 14. Na4 Qa5
15. fxe5 Nb6 16. Nc3 Bd7 17. Ne2 Rac8 18. Nf4 Nd8 19. Ng5 Kg8 20. Nxh7 Rxf4 21.
Bxf4 Kxh7 22. Qh5+ Kg8 23. Bh6 Qb4 24. Rf4 Bf8 25. Qg6 Rc7 26. Raf1 Bb5 27.
Bxe6+ Nxe6 28. Qxe6+ Kh7 29. Bg5 1-0

[Event "Rusia tch 2011"]
[Site "Olginka RUS"]
[Date "2011.04.19"]
[Round "7.34"]
[White "Zvjaginsev, Vadim"]
[Black "Gafner, Evgeny J"]
[Result "1-0"]
[WhiteElo "2663"]
[BlackElo "2296"]
[PlyCount "49"]
[EventDate "2011.04.12"]
[EventType "team"]
[EventRounds "11"]
[EventCountry "RUS"]
[Source "lmi"]
[SourceDate "2011.04.12"]
[WhiteTeam "Rusia"]
[BlackTeam "Rusia"]
[WhiteTeamCountry "RUS"]
[BlackTeamCountry "RUS"]

1. e4 c5 2. Nf3 Nc6 3. Bb5 g6 4. O-O Bg7 5. Re1 Nf6 6. Nc3 O-O 7. d3 Nd4 8. e5
Nxb5 9. Nxb5 Ne8 10. Bg5 f6 11. exf6 exf6 12. Be3 b6 13. d4 Ba6 14. a4 Bxb5 15.
axb5 d6 16. dxc5 bxc5 17. Qd5+ Rf7 18. b6 a5 19. Nd2 Bf8 20. Nc4 Qb8 21. Nxa5
Rxa5 22. Rxa5 Qxb6 23. Ra8 Nc7 24. Rxf8+ Kxf8 25. Bh6+ 1-0

[Event "Rusia tch 2011"]
[Site "Olginka RUS"]
[Date "2011.04.19"]
[Round "7.35"]
[White "Scerbin, Dmitrij"]
[Black "Khairullin, Ildar"]
[Result "1/2-1/2"]
[WhiteElo "2349"]
[BlackElo "2634"]
[PlyCount "34"]
[EventDate "2011.04.12"]
[EventType "team"]
[EventRounds "11"]
[EventCountry "RUS"]
[Source "lmi"]
[SourceDate "2011.04.12"]
[WhiteTeam "Rusia"]
[BlackTeam "Rusia"]
[WhiteTeamCountry "RUS"]
[BlackTeamCountry "RUS"]

1. e4 e5 2. Nf3 Nc6 3. d4 exd4 4. Nxd4 Bc5 5. Nb3 Bb6 6. a4 a6 7. a5 Ba7 8. Nc3
d6 9. Be2 Nge7 10. Bg5 f6 11. Bf4 Ng6 12. Bg3 f5 13. exf5 Bxf5 14. h4 Qd7 15.
Nd5 Nge7 16. Bh5+ Kf8 17. O-O Nxd5 1/2-1/2

[Event "Rusia tch 2011"]
[Site "Olginka RUS"]
[Date "2011.04.19"]
[Round "7.43"]
[White "Inarkiev, Ernesto"]
[Black "Nakhapetiane, Pogos"]
[Result "0-1"]
[WhiteElo "2674"]
[BlackElo "2495"]
[PlyCount "106"]
[EventDate "2011.04.12"]
[EventType "team"]
[EventRounds "11"]
[EventCountry "RUS"]
[Source "lmi"]
[SourceDate "2011.04.12"]
[WhiteTeam "Rusia"]
[BlackTeam "Rusia"]
[WhiteTeamCountry "RUS"]
[BlackTeamCountry "RUS"]

1. d4 e6 2. c4 Nf6 3. Nf3 d5 4. g3 dxc4 5. Bg2 Nc6 6. Qa4 Bb4+ 7. Bd2 Nd5 8.
Bxb4 Ndxb4 9. Nc3 O-O 10. O-O Rb8 11. a3 Nd5 12. Qxc4 Nce7 13. Rac1 c6 14. Ne5
Nf5 15. Rfd1 f6 16. Nf3 Nd6 17. Qd3 Bd7 18. Na4 Be8 19. Nc5 Nc7 20. Ne1 Qe7 21.
Qd2 Bh5 22. Ned3 Rfd8 23. Re1 Bg6 24. e3 Bf7 25. Qe2 Qe8 26. f4 Bg6 27. Red1
Qe7 28. g4 Qe8 29. Nf2 Nd5 30. Qf3 f5 31. h3 Rbc8 32. Nh1 fxg4 33. hxg4 h5 34.
Bh3 hxg4 35. Bxg4 Bf5 36. Kf2 b6 37. Nd3 Ne4+ 38. Ke2 c5 39. Nhf2 Ndf6 40. Bxf5
exf5 41. dxc5 bxc5 42. Ke1 Qb5 43. Qe2 Qa5+ 44. b4 Qxa3 45. Nxe4 Nxe4 46. bxc5
Qa5+ 47. Rd2 Rd5 48. c6 Rcd8 49. c7 Rxd3 50. Qxd3 Rxd3 51. c8=Q+ Kh7 52. Qxf5+
Qxf5 53. Rxd3 Nc5 0-1

[Event "Rusia tch 2011"]
[Site "Olginka RUS"]
[Date "2011.04.19"]
[Round "7.45"]
[White "Khismatullin, Denis"]
[Black "Kalugin, Sergey V"]
[Result "1-0"]
[WhiteElo "2662"]
[BlackElo "2390"]
[PlyCount "73"]
[EventDate "2011.04.12"]
[EventType "team"]
[EventRounds "11"]
[EventCountry "RUS"]
[Source "lmi"]
[SourceDate "2011.04.12"]
[WhiteTeam "Rusia"]
[BlackTeam "Rusia"]
[WhiteTeamCountry "RUS"]
[BlackTeamCountry "RUS"]

1. d4 Nf6 2. c4 e6 3. Nc3 Bb4 4. e3 O-O 5. Bd3 Re8 6. Nf3 d5 7. O-O c5 8. a3
Bxc3 9. bxc3 dxc4 10. Bxc4 Qc7 11. Qe2 Nc6 12. e4 e5 13. Ng5 Re7 14. d5 Na5 15.
Ba2 h6 16. Nf3 Bg4 17. h3 Bh5 18. c4 Ne8 19. g4 Bg6 20. Nh4 Bh7 21. Bd2 b6 22.
Nf5 Bxf5 23. gxf5 Nb7 24. Kh1 f6 25. Rg1 Kf8 26. Bb3 Rf7 27. Ba4 Nbd6 28. Rg3
Rb8 29. Bc6 a6 30. a4 Nc8 31. a5 Na7 32. axb6 Qxb6 33. Bxe8 Kxe8 34. Rag1 Rbb7
35. Qh5 Rbe7 36. Rxg7 Nc8 37. Rxf7 1-0

[Event "Rusia tch 2011"]
[Site "Olginka RUS"]
[Date "2011.04.19"]
[Round "7.53"]
[White "Vysochin, Spartak"]
[Black "Danin, Alexandre"]
[Result "1/2-1/2"]
[WhiteElo "2526"]
[BlackElo "2543"]
[PlyCount "32"]
[EventDate "2011.04.12"]
[EventType "team"]
[EventRounds "11"]
[EventCountry "RUS"]
[Source "lmi"]
[SourceDate "2011.04.12"]
[WhiteTeam "Ucrania"]
[BlackTeam "Rusia"]
[WhiteTeamCountry "UKR"]
[BlackTeamCountry "RUS"]

1. e4 c5 2. c3 d5 3. exd5 Qxd5 4. d4 Nf6 5. Nf3 e6 6. Be2 Nc6 7. O-O cxd4 8.
Nxd4 Nxd4 9. cxd4 Be7 10. Nc3 Qd6 11. Qb3 Qxd4 12. Rd1 Qb4 13. Bb5+ Bd7 14.
Bxd7+ Nxd7 15. Nb5 Rc8 16. Qxb4 Bxb4 1/2-1/2

[Event "Rusia tch 2011"]
[Site "Olginka RUS"]
[Date "2011.04.19"]
[Round "7.56"]
[White "Bogdanovich, Stanislav"]
[Black "Ajrapetian, Gevorg"]
[Result "0-1"]
[WhiteElo "2512"]
[BlackElo "2419"]
[PlyCount "114"]
[EventDate "2011.04.12"]
[EventType "team"]
[EventRounds "11"]
[EventCountry "RUS"]
[Source "lmi"]
[SourceDate "2011.04.12"]
[WhiteTeam "Ucrania"]
[BlackTeam "Rusia"]
[WhiteTeamCountry "UKR"]
[BlackTeamCountry "RUS"]

1. d4 c5 2. d5 d6 3. e4 Nf6 4. Nc3 g6 5. Nf3 Bg7 6. Bb5+ Bd7 7. a4 O-O 8. O-O
Na6 9. Qe2 Nc7 10. Bxd7 Nxd7 11. Bf4 Rb8 12. Rfe1 Re8 13. Rad1 a6 14. e5 b5 15.
axb5 axb5 16. Qf1 b4 17. exd6 exd6 18. Ne4 Ne5 19. Nxe5 Bxe5 20. Bg5 f6 21. Bc1
f5 22. Nd2 Qf6 23. Nc4 Bd4 24. Bf4 Rxe1 25. Rxe1 Rd8 26. Na5 Bxb2 27. Nc6 Ra8
28. h4 Bc3 29. Rd1 Re8 30. Qd3 Re4 31. Bg5 Qf7 32. f3 Re8 33. Bf4 Qf6 34. Bg5
Qf8 35. h5 h6 36. Bc1 g5 37. g4 Qf7 38. f4 fxg4 39. fxg5 Rf8 40. Qg6+ Qxg6 41.
Ne7+ Kg7 42. Nxg6 Rf7 43. gxh6+ Kh7 44. Bf4 Bd4+ 45. Kh2 Nxd5 46. Bxd6 Ne3 47.
Rd3 Rf2+ 48. Kh1 Kxh6 49. Ne7 Kxh5 50. Nc6 Nxc2 51. Bxc5 Bxc5 52. Rd5+ Kh4 53.
Rxc5 Kg3 54. Kg1 Ne3 55. Rc1 b3 56. Rb1 b2 57. Ne5 Rf1+ 0-1

[Event "Rusia tch 2011"]
[Site "Olginka RUS"]
[Date "2011.04.19"]
[Round "7.61"]
[White "Bocharov, Dmitry"]
[Black "Eljanov, Pavel"]
[Result "1-0"]
[WhiteElo "2595"]
[BlackElo "2724"]
[PlyCount "71"]
[EventDate "2011.04.12"]
[EventType "team"]
[EventRounds "11"]
[EventCountry "RUS"]
[Source "lmi"]
[SourceDate "2011.04.12"]
[WhiteTeam "Rusia"]
[BlackTeam "Ucrania"]
[WhiteTeamCountry "RUS"]
[BlackTeamCountry "UKR"]

1. d4 Nf6 2. c4 e6 3. Nc3 Bb4 4. f3 c5 5. d5 O-O 6. e4 d6 7. Nge2 Re8 8. Bd2 a6
9. a4 exd5 10. cxd5 Nbd7 11. Ng3 Ne5 12. Be2 c4 13. O-O Nfd7 14. Kh1 Nc5 15.
Be3 Qa5 16. Qc2 Bd7 17. Bxc5 Qxc5 18. f4 Nd3 19. Bxd3 cxd3 20. Qxd3 Rac8 21.
Rac1 Qc4 22. Qf3 Qb3 23. Rf2 f6 24. h3 Bxc3 25. bxc3 Qxa4 26. Kh2 a5 27. Re1
Qc4 28. Nh5 Re7 29. e5 Be8 30. Ng3 Bg6 31. f5 Be8 32. e6 Rc5 33. Rd2 Kf8 34.
Rd4 Qb3 35. Ne4 Rcc7 36. Qg3 1-0

[Event "Rusia tch 2011"]
[Site "Olginka RUS"]
[Date "2011.04.19"]
[Round "7.64"]
[White "Andreikin, Dmitry"]
[Black "Kryakvin, Dmitry"]
[Result "1/2-1/2"]
[WhiteElo "2686"]
[BlackElo "2573"]
[PlyCount "45"]
[EventDate "2011.04.12"]
[EventType "team"]
[EventRounds "11"]
[EventCountry "RUS"]
[Source "lmi"]
[SourceDate "2011.04.12"]
[WhiteTeam "Rusia"]
[BlackTeam "Rusia"]
[WhiteTeamCountry "RUS"]
[BlackTeamCountry "RUS"]

1. d4 d5 2. Nf3 Nf6 3. c4 dxc4 4. e3 Bg4 5. h3 Bh5 6. Nbd2 e6 7. g4 Bg6 8. Ne5
Nbd7 9. Nxg6 hxg6 10. Bg2 c5 11. dxc5 Nxc5 12. Nxc4 Qc7 13. O-O Rd8 14. Qe2 b5
15. Nd2 a6 16. Nb3 Nce4 17. Bd2 Nxd2 18. Nxd2 Qc2 19. Rfd1 Bb4 20. Rac1 Qxb2
21. Rb1 Qa3 22. Bc6+ Ke7 23. Nb3 1/2-1/2

[Event "Rusia tch 2011"]
[Site "Olginka RUS"]
[Date "2011.04.20"]
[Round "8.13"]
[White "Rublevsky, Sergei"]
[Black "Tomashevsky, Evgeny"]
[Result "1/2-1/2"]
[WhiteElo "2678"]
[BlackElo "2707"]
[PlyCount "35"]
[EventDate "2011.04.12"]
[EventType "team"]
[EventRounds "11"]
[EventCountry "RUS"]
[Source "lmi"]
[SourceDate "2011.04.12"]
[WhiteTeamCountry "CHN"]
[BlackTeamCountry "RUS"]

1. e4 e5 2. Nf3 Nc6 3. d4 exd4 4. Nxd4 Bc5 5. Nb3 Bb6 6. Nc3 d6 7. Qe2 Nge7 8.
Be3 O-O 9. O-O-O f5 10. g3 fxe4 11. Nxe4 Bxe3+ 12. Qxe3 a5 13. a3 Bg4 14. Be2
Nf5 15. Qd2 Bxe2 16. Qxe2 a4 17. Qc4+ Kh8 18. Nbc5 1/2-1/2

[Event "Rusia tch 2011"]
[Site "Olginka RUS"]
[Date "2011.04.20"]
[Round "8.25"]
[White "Bogdanovich, Stanislav"]
[Black "Ovetchkin, Roman"]
[Result "1/2-1/2"]
[WhiteElo "2512"]
[BlackElo "2487"]
[PlyCount "87"]
[EventDate "2011.04.12"]
[EventType "team"]
[EventRounds "11"]
[EventCountry "RUS"]
[Source "lmi"]
[SourceDate "2011.04.12"]
[BlackTeam "Rusia"]
[WhiteTeamCountry "CHN"]
[BlackTeamCountry "RUS"]

1. e4 e6 2. d4 d5 3. Nd2 c5 4. exd5 Qxd5 5. dxc5 Bxc5 6. Ngf3 Nf6 7. Bc4 Qd8 8.
O-O O-O 9. a3 Bd6 10. Qe2 Nbd7 11. b3 Qc7 12. Bb2 b6 13. Bd3 Bb7 14. Ne4 Be7
15. c4 Rad8 16. Rad1 Qf4 17. Bc1 Qb8 18. Bc2 Qa8 19. Ng3 Bxf3 20. gxf3 Rfe8 21.
Bb2 a5 22. Ne4 Qc6 23. Kh1 Nf8 24. Qe3 Ng6 25. Rg1 Nh5 26. Rxd8 Rxd8 27. Rd1
Rxd1+ 28. Bxd1 a4 29. Ng3 Nhf4 30. bxa4 f5 31. Bd4 Bc5 32. Bxc5 bxc5 33. Qd2
Kf7 34. a5 Qb7 35. Kg1 Nh3+ 36. Kf1 Ngf4 37. Qe3 Qb1 38. Qb3 Qc1 39. a6 Qd2 40.
Qc2 Qa5 41. Qa4 Qd2 42. Qc2 Qa5 43. Qa4 Qd2 44. Qc2 1/2-1/2

[Event "Rusia tch 2011"]
[Site "Olginka RUS"]
[Date "2011.04.20"]
[Round "8.26"]
[White "Vokarev, Sergey"]
[Black "Lushenkov, Mikhail M"]
[Result "1/2-1/2"]
[WhiteElo "2455"]
[BlackElo "2441"]
[PlyCount "49"]
[EventDate "2011.04.12"]
[EventType "team"]
[EventRounds "11"]
[EventCountry "RUS"]
[Source "lmi"]
[SourceDate "2011.04.12"]
[BlackTeam "Rusia"]
[WhiteTeamCountry "CHN"]
[BlackTeamCountry "RUS"]

1. e4 e5 2. Nf3 Nc6 3. Bb5 a6 4. Bxc6 dxc6 5. O-O Ne7 6. Nxe5 Qd4 7. Qh5 g6 8.
Qg5 Bg7 9. Nd3 f5 10. e5 c5 11. b3 h6 12. Qg3 f4 13. Qf3 Bf5 14. Bb2 Qd5 15.
Qxd5 Nxd5 16. Nxc5 b6 17. Na4 Bxc2 18. Nbc3 Nxc3 19. dxc3 O-O-O 20. c4 Rhe8 21.
Rfe1 Re6 22. Re2 Bd1 23. Re1 Bc2 24. Re2 Bd1 25. Re1 1/2-1/2

[Event "Rusia tch 2011"]
[Site "Olginka RUS"]
[Date "2011.04.20"]
[Round "8.35"]
[White "Pogosian, Georgy"]
[Black "Gladyszev, Oleg"]
[Result "1/2-1/2"]
[WhiteElo "2157"]
[BlackElo "2482"]
[PlyCount "60"]
[EventDate "2011.04.12"]
[EventType "team"]
[EventRounds "11"]
[EventCountry "RUS"]
[Source "lmi"]
[SourceDate "2011.04.12"]
[WhiteTeam "Rusia"]
[WhiteTeamCountry "RUS"]
[BlackTeamCountry "RUS"]

1. d4 Nf6 2. c4 g6 3. Nc3 Bg7 4. e4 d6 5. Be2 O-O 6. Nf3 e5 7. O-O Nc6 8. d5
Ne7 9. Ne1 Nd7 10. Nd3 f5 11. Bd2 Nf6 12. f3 f4 13. g4 g5 14. Be1 h5 15. h3 Ng6
16. Kg2 Kf7 17. Bf2 Nh4+ 18. Bxh4 gxh4 19. c5 Rh8 20. cxd6 cxd6 21. Nf2 hxg4
22. hxg4 h3+ 23. Kh2 Ne8 24. Rc1 Bf6 25. Nxh3 Qb6 26. Kg2 Qxb2 27. Qb3 Qxb3 28.
axb3 Bd7 29. Bb5 Ke7 30. Nf2 Rc8 1/2-1/2

[Event "Rusia tch 2011"]
[Site "Olginka RUS"]
[Date "2011.04.20"]
[Round "8.46"]
[White "Khismatullin, Denis"]
[Black "Zvjaginsev, Vadim"]
[Result "0-1"]
[WhiteElo "2662"]
[BlackElo "2663"]
[PlyCount "102"]
[EventDate "2011.04.12"]
[EventType "team"]
[EventRounds "11"]
[EventCountry "RUS"]
[Source "lmi"]
[SourceDate "2011.04.12"]
[WhiteTeamCountry "RUS"]
[BlackTeamCountry "RUS"]

1. d4 e6 2. c4 Nf6 3. Nc3 d5 4. Bg5 Be7 5. Nf3 O-O 6. e3 Nbd7 7. Rc1 h6 8. Bh4
c6 9. Bd3 a6 10. b3 b6 11. O-O Bb7 12. Qe2 c5 13. Rfd1 Ne4 14. Bxe7 Qxe7 15.
cxd5 exd5 16. Na4 Rfe8 17. Bxe4 dxe4 18. Ne1 Bc6 19. Nb2 Bb5 20. Qd2 cxd4 21.
Qxd4 Rad8 22. Qd6 Qg5 23. Nc4 Ne5 24. Qc7 Nxc4 25. bxc4 Ba4 26. Rxd8 Qxd8 27.
Qxd8 Rxd8 28. Rb1 Rd1 29. Rxd1 Bxd1 30. f3 f5 31. Kf2 Kf7 32. Kg3 g5 33. h4 Be2
34. hxg5 hxg5 35. Nc2 Bxc4 36. a3 exf3 37. gxf3 Bd5 38. Nb4 Bb7 39. Nc2 Ke6 40.
Nd4+ Ke5 41. Ne2 Kd5 42. Kf2 Kc4 43. Ng3 Bc8 44. e4 f4 45. Nh5 Kb3 46. e5 Kxa3
47. Ng7 b5 48. e6 b4 49. e7 Bd7 50. Ne6 b3 51. Nc5 Be8 0-1

[Event "Rusia tch 2011"]
[Site "Olginka RUS"]
[Date "2011.04.20"]
[Round "8.54"]
[White "Scerbin, Dmitrij"]
[Black "Lintchevski, Daniil"]
[Result "1/2-1/2"]
[WhiteElo "2349"]
[BlackElo "2539"]
[PlyCount "140"]
[EventDate "2011.04.12"]
[EventType "team"]
[EventRounds "11"]
[EventCountry "RUS"]
[Source "lmi"]
[SourceDate "2011.04.12"]
[WhiteTeam "Rusia"]
[WhiteTeamCountry "RUS"]
[BlackTeamCountry "RUS"]

1. e4 c6 2. c4 d5 3. exd5 cxd5 4. cxd5 Nf6 5. Qa4+ Nbd7 6. Nc3 g6 7. Nf3 Bg7 8.
Bc4 O-O 9. O-O a6 10. Bb3 Nc5 11. Qh4 Nxb3 12. axb3 b5 13. d4 b4 14. Na4 Bb7
15. Nc5 Qxd5 16. Re1 Rfe8 17. Bd2 a5 18. Re5 Qc6 19. Nxb7 Qxb7 20. Rexa5 Qd5
21. Rxa8 Rxa8 22. Rxa8+ Qxa8 23. Bxb4 Qa1+ 24. Be1 Qxb2 25. b4 Nd5 26. Qe4 e6
27. Qd3 Bf8 28. g3 Bxb4 29. Bxb4 Qxb4 30. h4 Ne7 31. Qe4 Nf5 32. Kg2 h5 33.
Qa8+ Qf8 34. Qe4 Qd8 35. Kg1 Qd5 36. Qf4 Qb7 37. Kg2 Kg7 38. Kg1 f6 39. Kg2 Nh6
40. Qe3 Qd5 41. Qf4 Nf7 42. Kg1 Qb7 43. Qe3 Qb1+ 44. Kg2 Qf5 45. Qc3 Qe4 46.
Kg1 Qd5 47. Qa3 Qc6 48. Kh2 Qb7 49. Qc3 Nd6 50. Qe3 Nf5 51. Qc3 Qd7 52. Kg1 Kf7
53. Qc5 Qb7 54. Qc3 Ne7 55. Qe3 Nf5 56. Qc3 Nh6 57. Nh2 Qb1+ 58. Kg2 Qe4+ 59.
Kg1 Qb7 60. Nf3 Kg7 61. Nh2 Nf7 62. Nf3 Qd5 63. Qa3 g5 64. hxg5 fxg5 65. Qe3
Kf6 66. Nd2 Nd6 67. Nf3 Nf7 68. Nd2 Nd6 69. Nf3 Nf7 70. Nd2 Nd6 1/2-1/2